[Event "7th Sunway Sitges 2020"]
[Site "Sitges ESP"]
[Date "2020.12.15"]
[Round "3.46"]
[White "Lobo Pereira, Arami"]
[Black "Lever, Erwan"]
[Result "0-1"]
[WhiteElo "1786"]
[BlackElo "2200"]
[WhiteFideId "24560588"]
[BlackFideId "20640099"]
[EventDate "2020.12.13"]

1. d4 Nf6 2. c4 e6 3. Nc3 Bb4 4. e3 O-O 5. Bd2 Bxc3 6. Bxc3 Ne4 7. Bd3 Nxc3 8.
bxc3 d6 9. Ne2 Nc6 10. O-O e5 11. e4 b6 12. f4 Ba6 13. f5 Qf6 14. d5 Na5 15. Ng3
Bxc4 16. Bxc4 Nxc4 17. Qe2 Na5 18. Nh5 Qh6 19. f6 g6 20. Ng7 Nb7 21. Rf3 Nc5 22.
Re1 Nd7 23. Ref1 Nxf6 24. Rxf6 Qxg7 25. Qe3 Rfe8 26. Qf3 Re7 27. h4 Rf8 28. Qe3
h5 29. Qg5 Rd7 30. Qe3 Qh7 31. R1f3 Kg7 32. Qe1 Qh6 33. Kh2 a6 34. a3 b5 35. Qd1
Re8 36. Qf1 Kg8 37. Qd1 Rc8 38. Qf1 Re7 39. Qd1 Rb8 40. Qe1 Rd7 41. Qd1 Qf8 42.
Qd2 Kg7 43. Kg1 Qe7 44. Qg5 a5 45. Rf1 b4 46. cxb4 axb4 47. axb4 Rxb4 48. g4 Rb1
49. Rxf7+ Qxf7 50. Rxb1 Qf3 51. gxh5 Qxh5 52. Qxh5 gxh5 53. Kf2 Kf6 54. Rh1 Rg7
55. Rh3 Rg4 56. Kf3 Ke7 57. Ke3 Kd7 58. Kf3 Rg1 59. Kf2 Rb1 60. Rc3 Rh1 61. Kg3
Rg1+ 62. Kh3 Rg4 63. Rc4 Kd8 64. Ra4 Kc8 65. Rb4 Rg1 66. Rc4 Kd7 67. Kh2 Rd1 68.
Rc3 Rd4 69. Re3 c5 70. dxc6+ Kxc6 71. Kg3 Kc5 72. Kf3 Kc4 73. Re1 Rd3+ 74. Kg2
Kd4 75. Kh2 Kc3 76. Rg1 Rd4 77. Rg5 Rxe4 78. Rxh5 d5 79. Kg3 d4 80. Rh8 d3 81.
Rc8+ Rc4 82. Ra8 d2 83. Ra3+ Kb2 0-1

[Event "7th Sunway Sitges 2020"]
[Site "Sitges ESP"]
[Date "2020.12.15"]
[Round "3.47"]
[White "Romeu Viladot, Emili"]
[Black "Rodriguez Redondo, Adhara"]
[Result "0-1"]
[BlackTitle "WFM"]
[WhiteElo "1688"]
[BlackElo "2183"]
[WhiteFideId "24586080"]
[BlackFideId "32065698"]
[EventDate "2020.12.13"]

1. e4 e5 2. f4 d5 3. exd5 exf4 4. Nf3 Be7 5. Bc4 Nf6 6. Nc3 O-O 7. O-O Nbd7 8.
d4 Nb6 9. Bb3 Nbxd5 10. Nxd5 Nxd5 11. c4 Ne3 12. Bxe3 fxe3 13. Qe2 c5 14. Rad1
Qc7 15. Kh1 Bg4 16. Qxe3 Rae8 17. Rde1 Bxf3 18. gxf3 cxd4 19. Qxd4 Bc5 20. Qd3
Rd8 21. Qf5 Rd2 22. f4 g6 23. Qe4 Rxb2 24. Qe5 Qc6+ 25. Qe4 Qxe4+ 26. Rxe4 Rd8
27. Rd1 Rxd1+ 28. Bxd1 Rxa2 29. Bf3 b6 30. Re8+ Kg7 31. Bd5 a5 32. Re1 a4 33.
Be4 Rf2 34. Ra1 a3 35. Bd3 a2 36. Bf1 Bd4 0-1

[Event "7th Sunway Sitges 2020"]
[Site "Sitges ESP"]
[Date "2020.12.15"]
[Round "3.48"]
[White "Tadevosyan, Aspet"]
[Black "Shatil, Shir"]
[Result "1-0"]
[WhiteElo "2184"]
[BlackElo "1920"]
[WhiteFideId "24526134"]
[BlackFideId "2828278"]
[EventDate "2020.12.13"]

1. e4 e6 2. d4 d5 3. e5 c5 4. c3 Nc6 5. Nf3 Qb6 6. Bd3 cxd4 7. cxd4 Bd7 8. O-O
Nxd4 9. Nbd2 Nxf3+ 10. Nxf3 Rc8 11. Ng5 Be7 12. Qh5 g6 13. Qf3 Nh6 14. Bf4 O-O
15. Qh3 Bxg5 16. Bxg5 Nf5 17. Bf6 Ng7 18. Qh6 Ne8 19. Be7 Ng7 20. Rae1 d4 21.
Bf6 Ne8 22. Re4 Qxb2 23. Qxh7+ 1-0

[Event "7th Sunway Sitges 2020"]
[Site "Sitges ESP"]
[Date "2020.12.15"]
[Round "3.49"]
[White "Martin Barcelo, Carles"]
[Black "Prats Rodriguez, Juan Bosco"]
[Result "1-0"]
[WhiteElo "2179"]
[BlackElo "2039"]
[WhiteFideId "24561444"]
[BlackFideId "2221411"]
[EventDate "2020.12.13"]

1. e4 d6 2. d4 Nf6 3. Nc3 g6 4. Bg5 c6 5. Qd2 Nbd7 6. Nf3 h6 7. Bf4 g5 8. Be3
Ng4 9. h4 Nxe3 10. Qxe3 g4 11. Nd2 h5 12. f4 e5 13. dxe5 dxe5 14. f5 Qb6 15.
Qxb6 axb6 16. O-O-O b5 17. Kb1 b4 18. Ne2 b5 19. Nc1 Ba6 20. Be2 c5 21. Nf1 Bh6
22. Nd3 Bb7 23. Ng3 Bf8 24. b3 Rh6 25. Nc1 Bc6 26. Rd2 Nb6 27. Nd3 f6 28. Nb2
Rh7 29. Rhd1 Rc8 30. Bf1 Be7 31. Be2 Kf7 32. Nf1 Bxe4 33. Bxb5 Bxf5 34. Ng3 Be6
35. Bd3 Rhh8 36. Be4 c4 37. Nf5 c3 38. Nd6+ Bxd6 39. Rxd6 Rb8 40. Nd3 Nd7 41.
Bd5 Nf8 42. Nc5 Bxd5 43. R1xd5 Re8 44. Ne4 Re6 45. Rd8 Kg7 46. Rb8 Ng6 47. Rxb4
Nxh4 48. Rd7+ Kg6 49. g3 Nf5 50. Rc4 Nd4 51. Rxc3 f5 52. Nc5 Rc6 53. Rd5 Nf3 54.
b4 h4 55. gxh4 e4 56. Nxe4 Rxc3 57. Nxc3 Rxh4 58. Ne2 Rh1+ 59. Kb2 Kf6 60. Ng3
Ke6 61. Rc5 Rg1 62. Nxf5 g3 63. Nxg3 Rxg3 64. Rc3 Kd5 65. b5 Ke4 66. b6 Rg6 67.
b7 Rg8 68. Rc8 1-0

[Event "7th Sunway Sitges 2020"]
[Site "Sitges ESP"]
[Date "2020.12.15"]
[Round "3.50"]
[White "Catarineu Morales, Alex"]
[Black "Odnorozhenko, Evgenyi"]
[Result "1/2-1/2"]
[BlackTitle "IM"]
[WhiteElo "1992"]
[BlackElo "2170"]
[WhiteFideId "22220534"]
[BlackFideId "14116588"]
[EventDate "2020.12.13"]

1. Nf3 d5 2. e3 Nf6 3. c4 e6 4. b3 Be7 5. Bb2 O-O 6. Be2 b6 7. O-O Bb7 8. d4
dxc4 9. bxc4 c5 10. Nc3 cxd4 11. exd4 Nc6 12. Rc1 Na5 13. Nb1 Rc8 14. Nbd2 Bd6
15. Bc3 Bxf3 16. Nxf3 Nxc4 17. d5 exd5 18. Bxf6 Qxf6 19. Qxd5 Ne5 20. Nxe5 Rxc1
21. Rxc1 Bxe5 22. g3 g6 23. Rd1 Kg7 24. Bc4 Re8 25. Rd3 Re7 26. Re3 Bb2 27. Rf3
Qe6 28. Qd3 Qe5 29. Re3 Qf6 30. Rf3 Qe5 1/2-1/2

[Event "7th Sunway Sitges 2020"]
[Site "Sitges ESP"]
[Date "2020.12.15"]
[Round "3.51"]
[White "Garcia Ruiz, Adrian"]
[Black "Hapala, Elisabeth"]
[Result "0-1"]
[BlackTitle "WFM"]
[WhiteElo "2024"]
[BlackElo "2154"]
[WhiteFideId "22288112"]
[BlackFideId "1622080"]
[EventDate "2020.12.13"]

1. e4 c5 2. Nf3 e6 3. d4 cxd4 4. Nxd4 Nc6 5. Nc3 Qc7 6. Be2 a6 7. O-O Nf6 8. Be3
Bb4 9. Na4 Be7 10. Nxc6 bxc6 11. Nb6 Rb8 12. Nxc8 Qxc8 13. Bd4 c5 14. Be5 Rb6
15. b3 d6 16. Bb2 Nxe4 17. Bxg7 Rg8 18. Bb2 Bf6 19. Bxf6 Nxf6 20. Qd3 Ke7 21.
Rad1 Qc6 22. Bf3 Qb5 23. Rfe1 Qxd3 24. Rxd3 a5 25. Red1 d5 26. Re1 Kd6 27. Kf1
Ra6 28. g3 Rb8 29. Be2 Ra7 30. g4 a4 31. Rh3 axb3 32. axb3 Ra2 33. Bd3 Nxg4 34.
Rxh7 Ne5 35. Be2 Rxc2 36. f4 Nc6 37. Rxf7 Nd4 38. Ra1 Rb6 39. Bg4 Rxh2 40. Kg1
Rb2 41. f5 R2xb3 42. f6 Rg3+ 43. Kh2 Rxg4 44. Rf8 Rb2+ 45. Kh3 Rgg2 46. f7 Rh2+ 0-1

[Event "7th Sunway Sitges 2020"]
[Site "Sitges ESP"]
[Date "2020.12.15"]
[Round "3.52"]
[White "Donate Moreno, Silvia"]
[Black "Guillo Longares, Cecilia"]
[Result "1-0"]
[BlackTitle "WFM"]
[WhiteElo "1903"]
[BlackElo "2089"]
[WhiteFideId "24581887"]
[BlackFideId "32082681"]
[EventDate "2020.12.13"]

1. e4 c5 2. Nf3 Nc6 3. d4 cxd4 4. Nxd4 g6 5. c4 Nf6 6. Nc3 d6 7. Be2 Nxd4 8.
Qxd4 Bg7 9. Be3 O-O 10. Qd2 a5 11. O-O a4 12. Bd4 Qa5 13. Qe3 Be6 14. Rad1 Rfc8
15. b3 axb3 16. axb3 Qb4 17. Rb1 Nd7 18. f4 Bxd4 19. Qxd4 Qc5 20. Qxc5 Rxc5 21.
g4 f6 22. Nb5 Ra2 23. Nd4 Bf7 24. Kf2 Rca5 25. Ke3 Nc5 26. Rfc1 R5a3 27. Rc3 Ra1
28. Rcc1 Rxb1 29. Rxb1 Be8 30. Bd1 e5 31. Nb5 Bxb5 32. cxb5 Ra2 33. fxe5 fxe5
34. Be2 Kg7 35. Rd1 Nxe4 36. Bf3 Nc5 37. Rxd6 Ra3 38. Bd5 Nxb3 39. Ke4 Nd4 40.
Rd7+ Kh8 41. Rxb7 Ra5 42. b6 Nf3 43. Rb8+ Kg7 44. Rg8+ Kh6 45. Kxf3 Rxd5 46. b7
Rd3+ 47. Ke4 Rd4+ 48. Kxe5 1-0

[Event "7th Sunway Sitges 2020"]
[Site "Sitges ESP"]
[Date "2020.12.15"]
[Round "3.53"]
[White "Alcala Gonzalez, Cesar"]
[Black "Abadia Pascual, Luis"]
[Result "1-0"]
[WhiteElo "2088"]
[BlackElo "1823"]
[WhiteFideId "24584878"]
[BlackFideId "2284839"]
[EventDate "2020.12.13"]

1. d4 e6 2. c4 b6 3. e4 Bb7 4. Bd3 f5 5. exf5 Nf6 6. Nf3 Bb4+ 7. Bd2 Bxd2+ 8.
Nbxd2 O-O 9. Qc2 Nc6 10. a3 Qe8 11. O-O-O Qh5 12. fxe6 dxe6 13. Rhe1 Rad8 14.
Ne4 Kh8 15. Nxf6 Rxf6 16. Be4 Rdf8 17. h3 Na5 18. Bxb7 Nxb7 19. Re5 Qh6+ 20. Kb1
Qg6 21. Qxg6 Rxg6 22. Rg5 Nd6 23. Rxg6 hxg6 24. Re1 Rf6 25. c5 Nf5 26. cxb6 axb6
27. d5 exd5 28. Re8+ Kh7 29. Ng5+ 1-0

[Event "7th Sunway Sitges 2020"]
[Site "Sitges ESP"]
[Date "2020.12.15"]
[Round "3.54"]
[White "Follana Albelda, Lucia"]
[Black "Sanchez Lopez, Juan Manuel"]
[Result "1-0"]
[WhiteElo "1884"]
[BlackElo "2085"]
[WhiteFideId "24516937"]
[BlackFideId "2227037"]
[EventDate "2020.12.13"]

1. e4 c5 2. Nf3 Nc6 3. d4 cxd4 4. Nxd4 Nf6 5. Nc3 e5 6. Ndb5 d6 7. Bg5 a6 8. Na3
b5 9. Nd5 Be7 10. Bxf6 Bxf6 11. c4 O-O 12. cxb5 Qa5+ 13. Qd2 Qxd2+ 14. Kxd2 Bg5+
15. f4 exf4 16. bxc6 f5 17. h4 Bf6 18. Nxf6+ Rxf6 19. Bc4+ Kf8 20. Rhe1 fxe4 21.
Rxe4 d5 22. Bxd5 Bf5 23. Re5 Rd8 24. Kc3 Rxd5 25. Rxd5 Rxc6+ 26. Kd4 1-0

[Event "7th Sunway Sitges 2020"]
[Site "Sitges ESP"]
[Date "2020.12.15"]
[Round "3.55"]
[White "Iborra Polo, Eric"]
[Black "Luque Saiz, Andres"]
[Result "0-1"]
[WhiteElo "1800"]
[BlackElo "2069"]
[WhiteFideId "54565740"]
[BlackFideId "24510793"]
[EventDate "2020.12.13"]

1. e4 e6 2. d4 d5 3. Nd2 c5 4. exd5 exd5 5. Ngf3 a6 6. c3 Nc6 7. Bd3 cxd4 8.
Nxd4 Nxd4 9. cxd4 Ne7 10. Qf3 Nc6 11. O-O Nxd4 12. Qe3+ Ne6 13. f4 Bc5 0-1

[Event "7th Sunway Sitges 2020"]
[Site "Sitges ESP"]
[Date "2020.12.15"]
[Round "3.56"]
[White "Perez Bolanos, David"]
[Black "Khoury, Theo"]
[Result "1-0"]
[WhiteElo "2068"]
[BlackElo "1732"]
[WhiteFideId "24564400"]
[BlackFideId "480703"]
[EventDate "2020.12.13"]

1. d4 Nf6 2. c4 c5 3. d5 e6 4. Nc3 exd5 5. cxd5 d6 6. h3 g6 7. Nf3 Bg7 8. e4 O-O
9. Bd3 b5 10. Nxb5 Re8 11. O-O Nxe4 12. Bxe4 Rxe4 13. Bg5 Qb6 14. Nc3 Re8 15.
Re1 Bd7 16. Ne4 Na6 17. Nf6+ Bxf6 18. Bxf6 h6 19. Qd2 Kh7 20. Ng5+ hxg5 21. Qxg5
Rxe1+ 22. Rxe1 Qb4 23. Re7 Be8 24. f4 Qd4+ 25. Bxd4 cxd4 26. f5 gxf5 27. Qxf5+
Kg7 28. Qg5+ Kf8 29. Re4 Bb5 30. Qh6+ 1-0

[Event "7th Sunway Sitges 2020"]
[Site "Sitges ESP"]
[Date "2020.12.15"]
[Round "3.57"]
[White "Bibilashvili, Lali"]
[Black "Serrano Aspa, Xavier"]
[Result "1/2-1/2"]
[WhiteTitle "WCM"]
[WhiteElo "1830"]
[BlackElo "2061"]
[WhiteFideId "13604236"]
[BlackFideId "2219077"]
[EventDate "2020.12.13"]

1. c4 e6 2. Nc3 b6 3. Nf3 Bb7 4. d4 Nf6 5. a3 Be7 6. d5 d6 7. e4 e5 8. Bd3 a5 9.
O-O O-O 10. Ne1 Na6 11. Rb1 Nc5 12. Bc2 Bc8 13. b4 axb4 14. axb4 Na6 15. Nd3 Bg4
16. f3 Bd7 17. Be3 Nh5 18. f4 Nxf4 19. Nxf4 exf4 20. Bxf4 Bf6 21. Qd3 g6 22. Bh6
Bg7 23. Bxg7 Kxg7 24. Qd4+ f6 25. Ne2 Qe7 26. Nf4 Qe5 27. Qf2 Qc3 28. Rfc1 Qe5
29. Nd3 Qxe4 30. Nc5 Qe8 31. Re1 Qf7 32. Ne6+ Bxe6 33. dxe6 Qe7 34. Be4 Rab8 35.
Bd5 c5 36. b5 Nb4 37. Qd2 Rfc8 38. Ra1 Rc7 39. Ra3 Re8 40. Rea1 Nxd5 41. cxd5 c4
42. Qd4 Rb8 43. Rc3 Rc5 44. Rxc4 Rxb5 45. Rca4 Rc5 46. Ra7 Rb7 47. Ra8 b5 48.
Rf1 Rc4 49. Qb2 b4 50. Rxf6 Qxf6 51. Rg8+ Kxg8 52. Qxf6 b3 53. e7 Rxe7 54. Qxe7
b2 55. Qe8+ Kg7 56. Qe7+ Kg8 1/2-1/2

[Event "7th Sunway Sitges 2020"]
[Site "Sitges ESP"]
[Date "2020.12.15"]
[Round "3.58"]
[White "Gutierrez Palomino, Albert"]
[Black "Bin-Suhayl, Ieysaa"]
[Result "1/2-1/2"]
[WhiteElo "1984"]
[BlackElo "2193"]
[WhiteFideId "54565693"]
[BlackFideId "429031"]
[EventDate "2020.12.13"]

1. c4 Nf6 2. Nc3 c5 3. Nf3 Nc6 4. d4 cxd4 5. Nxd4 g6 6. e4 d6 7. Be2 Nxd4 8.
Qxd4 Bg7 9. O-O O-O 10. Qe3 Bd7 11. Rd1 Qa5 12. Bd2 Rfc8 13. Nb5 Qa6 14. Bc3 Ng4
15. Qg3 Be5 16. Qh4 Nf6 17. Nd4 b5 18. cxb5 Qb7 19. f4 Bxd4+ 20. Rxd4 Rc5 21.
Bf3 Re8 22. e5 Nd5 23. exd6 Qxb5 24. Bxd5 Rxd5 25. dxe7 Qc5 26. Qf2 Rxe7 27.
Rad1 Rxd4 28. Qxd4 Qxd4+ 29. Rxd4 f5 30. Kf2 Bb5 31. Rd8+ Re8 32. Rxe8+ Bxe8 33.
Ke3 Bc6 34. g3 Kf7 35. Kd4 Ke6 36. Kc5 Kd7 37. b4 a6 38. Kb6 Bb5 39. a4 Bxa4 40.
Kxa6 Kc6 41. Be5 Bb5+ 42. Ka7 Ba4 43. Kb8 Bb5 44. Kc8 Kd5 45. Kc7 Ba4 46. h4 Bb5
47. Bf6 Ba4 48. Kd8 Ke6 49. Bd4 Bb5 50. Bc5 Ba4 51. Kc7 Kd5 52. Kb6 Kc4 53. Bf8
Bb3 54. Kb7 Ba4 55. Kc8 Kd5 56. Kd8 Ke6 57. Bh6 Bb5 58. Bg7 Ba4 59. Bc3 Bb5 1/2-1/2

[Event "7th Sunway Sitges 2020"]
[Site "Sitges ESP"]
[Date "2020.12.15"]
[Round "3.59"]
[White "Rocamora Martorell, Ferran"]
[Black "Aguado Doncel, Pablo Luis"]
[Result "1-0"]
[WhiteElo "1931"]
[BlackElo "2158"]
[WhiteFideId "54524130"]
[BlackFideId "24538256"]
[EventDate "2020.12.13"]

1. d4 d5 2. c4 e6 3. Nf3 Nf6 4. g3 Be7 5. Bg2 Ne4 6. Qc2 f5 7. Nc3 c6 8. Bf4 Nd7
9. Ne5 Nxe5 10. Bxe5 Bf6 11. Bxf6 Qxf6 12. e3 O-O 13. Ne2 b6 14. Qa4 Bb7 15.
cxd5 exd5 16. O-O g5 17. Rac1 Qg6 18. Qc2 Rf6 19. Nc3 Qh5 20. Qd1 Qf7 21. f3 Nd6
22. Qc2 Nc4 23. Rfe1 f4 24. exf4 gxf4 25. gxf4 Rxf4 26. Ne2 Rh4 27. Qd3 Nxb2 28.
Qd2 Qh5 29. Qxb2 Rxh2 30. Ng3 Qh4 31. Nf5 Qf4 32. Qe2 Rf8 33. Ne7+ Kh8 34. Qe5+
Qxe5 35. Rxe5 Rh4 36. Nxc6 Rc8 37. Re6 Rxd4 38. Nxd4 Rxc1+ 39. Kh2 Rc7 40. Re8+ 1-0

[Event "7th Sunway Sitges 2020"]
[Site "Sitges ESP"]
[Date "2020.12.15"]
[Round "3.60"]
[White "Le Pen, Steven"]
[Black "Lohia, Sohum"]
[Result "1/2-1/2"]
[WhiteElo "2141"]
[BlackElo "1987"]
[WhiteFideId "612197"]
[BlackFideId "5819369"]
[EventDate "2020.12.13"]

1. e4 e5 2. Nf3 d6 3. d4 exd4 4. Nxd4 Nf6 5. Nc3 g6 6. g3 Bg7 7. Bg2 O-O 8. O-O
Nc6 9. Nxc6 bxc6 10. e5 dxe5 11. Be3 Bg4 12. Qxd8 Rfxd8 13. Bxc6 Rab8 14. b3 Rd6
15. Bg2 a6 16. Rac1 Bf5 17. h3 h5 18. Na4 Be4 19. c4 Bxg2 20. Kxg2 Bf8 21. f4 e4
22. f5 Rd3 23. Rce1 Kg7 24. fxg6 Kxg6 25. Re2 Rbd8 26. Bc5 Bd6 27. Bxd6 R8xd6
28. Nc5 R3d4 29. Rf4 Rc6 30. Nxe4 Nxe4 31. Rfxe4 Rxe4 32. Rxe4 Rd6 33. Kf3 Rd2
34. Re2 Rd3+ 35. Kf4 Kf6 36. h4 c5 37. Rf2 Rd1 38. g4 hxg4 39. Kxg4+ Ke6 40.
Re2+ Kf6 41. Rh2 Rd4+ 42. Kf3 Kg6 43. h5+ Kh6 44. Ke3 f5 45. Rf2 Re4+ 46. Kd3
Rd4+ 47. Kc3 f4 48. b4 Kxh5 49. bxc5 Re4 50. Kd3 Re3+ 51. Kd4 Kg4 52. c6 Kg3 53.
Rb2 Re8 54. Kc5 f3 55. Kd6 f2 56. Rxf2 Kxf2 57. Kd7 Rh8 58. c7 Ke3 59. c8=Q Rxc8
60. Kxc8 Kd4 61. Kb7 Kxc4 62. Kxa6 Kb4 1/2-1/2

[Event "7th Sunway Sitges 2020"]
[Site "Sitges ESP"]
[Date "2020.12.16"]
[Round "4.1"]
[White "Cheparinov, Ivan"]
[Black "Plat, Vojtech"]
[Result "1/2-1/2"]
[WhiteTitle "GM"]
[BlackTitle "GM"]
[WhiteElo "2660"]
[BlackElo "2552"]
[WhiteFideId "2905540"]
[BlackFideId "325740"]
[EventDate "2020.12.13"]

1. d4 g6 2. e4 Bg7 3. Nc3 d6 4. Nf3 Nf6 5. Be3 O-O 6. Qd2 e5 7. dxe5 dxe5 8.
Qxd8 Rxd8 9. Bc4 Nc6 10. O-O h6 11. h3 Ne8 12. Nd5 Be6 13. Rfd1 Kh7 14. Bb5 Bxd5
15. exd5 Nb4 16. Bc5 Nd6 17. Bf1 Nxc2 18. Rac1 Nd4 19. Bxd4 exd4 20. Rxc7 Rac8
21. Rdc1 Bf6 22. Bd3 Kg7 23. g4 Kf8 24. Kf1 Rxc7 25. Rxc7 Rc8 26. Rxc8+ Nxc8 27.
Nd2 Ke7 28. Nc4 Nd6 29. Nxd6 Kxd6 30. b3 Kxd5 1/2-1/2

[Event "7th Sunway Sitges 2020"]
[Site "Sitges ESP"]
[Date "2020.12.16"]
[Round "4.2"]
[White "Checa, Nicolas"]
[Black "Moussard, Jules"]
[Result "1/2-1/2"]
[WhiteTitle "GM"]
[BlackTitle "GM"]
[WhiteElo "2527"]
[BlackElo "2626"]
[WhiteFideId "2069342"]
[BlackFideId "642908"]
[EventDate "2020.12.13"]

1. d4 d6 2. Nf3 g6 3. c4 f5 4. Nc3 Nf6 5. g3 Bg7 6. Bg2 O-O 7. O-O c6 8. d5 e5
9. dxe6 Bxe6 10. b3 Na6 11. Ng5 Bc8 12. Bb2 Qe7 13. Qd2 h6 14. Nf3 Be6 15. Rad1
Rad8 16. Nd4 Bd7 17. a3 Nc5 18. b4 Nce4 19. Nxe4 Nxe4 20. Qc2 Qf7 21. e3 a6 22.
Rc1 c5 23. Ne2 Bxb2 24. Qxb2 cxb4 25. axb4 Rc8 26. Rfd1 Be6 27. Nf4 g5 28. Nxe6
Qxe6 29. Rd5 Rxc4 30. Rxc4 Qxd5 31. Qc2 Qe5 32. Bxe4 fxe4 33. Rxe4 Qf5 34. g4
Qf3 35. Rc4 Rf6 36. Rc8+ Kg7 37. Rc7+ Rf7 38. Qc3+ Qf6 39. Rxf7+ Kxf7 40. Qd3
Qf3 41. h3 Qxh3 42. Qd5+ Ke7 43. Qxb7+ Kd8 44. Qg2 Qh4 45. Qf3 Ke7 46. Kg2 Ke6
47. Qe4+ Kd7 48. Qb7+ Ke6 49. Qf3 d5 50. Qf5+ Kd6 51. Qf6+ Kd7 52. Qd4 Ke6 53.
Qb6+ Ke5 54. Qc7+ Ke6 55. Qc8+ Ke7 56. Qb7+ Ke8 57. Qa8+ Ke7 58. Qc8 h5 59. Qb7+
Ke6 60. Qxa6+ Ke5 61. Qa1+ Ke6 62. Qa6+ Ke5 63. Qc8 hxg4 64. b5 Qh3+ 65. Kg1 Qh7
66. Qc3+ Ke6 67. Qc8+ Kd6 68. Qb8+ Kc5 69. b6 Qb1+ 70. Kg2 Qe4+ 71. Kh2 Qh7+ 72.
Kg1 Qb1+ 1/2-1/2

[Event "7th Sunway Sitges 2020"]
[Site "Sitges ESP"]
[Date "2020.12.16"]
[Round "4.3"]
[White "Bellahcene, Bilel"]
[Black "Santos Ruiz, Miguel"]
[Result "1/2-1/2"]
[WhiteTitle "GM"]
[BlackTitle "GM"]
[WhiteElo "2510"]
[BlackElo "2581"]
[WhiteFideId "696358"]
[BlackFideId "22291482"]
[EventDate "2020.12.13"]

1. e4 e5 2. Nf3 Nc6 3. Bb5 Nf6 4. O-O Nxe4 5. Re1 Nd6 6. Nxe5 Be7 7. Bf1 Nxe5 8.
Rxe5 O-O 9. d4 Bf6 10. Re1 Re8 11. Rxe8+ Nxe8 12. c3 d5 13. Bf4 c6 14. Nd2 g6
15. h3 Nd6 16. Bd3 Bf5 17. Qc2 Bxd3 18. Qxd3 Qd7 19. Re1 Re8 20. Rxe8+ Nxe8 21.
Kf1 Qe7 22. Qe2 Kf8 23. Nf3 Qxe2+ 24. Kxe2 Ke7 25. Be5 Bxe5 26. Nxe5 Nd6 27. Nd3
f6 28. Ke3 Nc4+ 29. Ke2 Nd6 30. Ke3 Nc4+ 31. Ke2 Nd6 1/2-1/2

[Event "7th Sunway Sitges 2020"]
[Site "Sitges ESP"]
[Date "2020.12.16"]
[Round "4.4"]
[White "Asis Gargatagli, Hipolito"]
[Black "Korobov, Anton"]
[Result "1-0"]
[WhiteTitle "GM"]
[BlackTitle "GM"]
[WhiteElo "2470"]
[BlackElo "2693"]
[WhiteFideId "2260735"]
[BlackFideId "14105730"]
[EventDate "2020.12.13"]

1. e4 c5 2. Nf3 d6 3. d4 cxd4 4. Nxd4 Nf6 5. Nc3 Nbd7 6. Bg5 h6 7. Bxf6 Nxf6 8.
Bb5+ Bd7 9. Qe2 Bxb5 10. Qxb5+ Qd7 11. O-O-O e6 12. Rhe1 a6 13. Qb3 Be7 14. f4
O-O 15. f5 exf5 16. Nxf5 Rae8 17. Kb1 g6 18. Nxh6+ Kg7 19. Nxf7 Rxf7 20. e5 Qc6
21. exf6+ Bxf6 22. Rxe8 Qxe8 23. Rxd6 Qe5 24. Rd2 Qxh2 25. a3 Qg3 26. Ka2 Bxc3
27. Rd3 Qe5 28. Rxc3 g5 29. Re3 Qd4 30. Rg3 Qc5 31. Rc3 Qe5 32. Rd3 b5 33. Rd5
Qf4 34. Qc3+ Kg6 35. Qd3+ Kh5 36. Rd4 Qf2 37. Rd6 Rc7 38. Qh3+ 1-0

[Event "7th Sunway Sitges 2020"]
[Site "Sitges ESP"]
[Date "2020.12.16"]
[Round "4.7"]
[White "Dragnev, Valentin"]
[Black "Vasquez Schroeder, Rodrigo"]
[Result "0-1"]
[WhiteTitle "GM"]
[BlackTitle "GM"]
[WhiteElo "2564"]
[BlackElo "2459"]
[WhiteFideId "1634852"]
[BlackFideId "3400042"]
[EventDate "2020.12.13"]

1. e4 c5 2. Nf3 d6 3. d4 cxd4 4. Nxd4 Nf6 5. Nc3 a6 6. Be3 e5 7. Nb3 Be6 8. f3
h5 9. Nd5 Bxd5 10. exd5 Nbd7 11. Qd2 g6 12. O-O-O Bg7 13. Kb1 O-O 14. h3 Qc7 15.
g4 Rfc8 16. Rh2 a5 17. a4 Nb6 18. Bxb6 Qxb6 19. Bb5 Qd8 20. Rf1 h4 21. Rhf2 Nh7
22. f4 exf4 23. Qxf4 Rc7 24. Nd2 Ng5 25. Qe3 Re7 26. Qb3 Qb6 27. Ka2 Rc8 28. Nc4
Qc5 29. Nxa5 Ra8 30. Nc4 Re4 31. Kb1 Rc8 32. Rf4 Rxf4 33. Rxf4 Qxd5 34. Rf1 Qd4
35. Ka2 Nxh3 36. Rxf7 Kxf7 37. Nxd6+ Kf6 38. Nxc8 Nf4 39. Qa3 Kg5 40. Ne7 Bf8
41. Nc6 bxc6 42. Qxf8 cxb5 43. a5 Qa4+ 44. Kb1 Qxa5 0-1

[Event "7th Sunway Sitges 2020"]
[Site "Sitges ESP"]
[Date "2020.12.16"]
[Round "4.8"]
[White "Stefanova, Antoaneta"]
[Black "Cornette, Matthieu"]
[Result "1/2-1/2"]
[WhiteTitle "GM"]
[BlackTitle "GM"]
[WhiteElo "2466"]
[BlackElo "2558"]
[WhiteFideId "2902257"]
[BlackFideId "620084"]
[EventDate "2020.12.13"]

1. d4 d5 2. Nf3 Nf6 3. e3 e6 4. Bd3 c5 5. b3 Nc6 6. O-O Bd6 7. dxc5 Bxc5 8. Bb2
O-O 9. a3 Re8 10. b4 Bf8 11. c4 dxc4 12. Bxc4 Qxd1 13. Rxd1 b6 14. Nbd2 Bb7 15.
Nb3 Rad8 16. Bb5 Rxd1+ 17. Rxd1 Rd8 18. Rc1 Rc8 19. Rd1 Rd8 20. Rc1 Rc8 21. Rd1
Rd8 1/2-1/2

[Event "7th Sunway Sitges 2020"]
[Site "Sitges ESP"]
[Date "2020.12.16"]
[Round "4.10"]
[White "Maurizzi, Marc Andria"]
[Black "Nevednichy, Vladislav"]
[Result "1/2-1/2"]
[WhiteTitle "IM"]
[BlackTitle "GM"]
[WhiteElo "2445"]
[BlackElo "2546"]
[WhiteFideId "36083534"]
[BlackFideId "1205730"]
[EventDate "2020.12.13"]

1. e4 c5 2. Nf3 d6 3. d4 cxd4 4. Nxd4 Nf6 5. Nc3 Nc6 6. Bg5 e6 7. Qd2 a6 8.
O-O-O Bd7 9. f3 Be7 10. Kb1 O-O 11. g4 b5 12. Nxc6 Bxc6 13. Bd3 b4 14. Ne2 Nxe4
15. Bxe4 Bxg5 16. Qxd6 Bxe4 17. fxe4 Qa5 18. Nc1 Rfd8 19. Qg3 Rdc8 20. Nd3 Qc7
21. Qf2 a5 22. h4 Be7 23. Rhf1 Rf8 24. g5 a4 25. Qf4 Bd6 26. e5 Be7 27. Nxb4 a3
28. b3 Bxb4 29. Qxb4 Qxe5 30. Qd4 Qc7 31. c4 Rad8 32. Qf2 e5 33. Qe3 Rxd1+ 34.
Rxd1 f5 35. gxf6 gxf6 36. c5 f5 37. c6 Qxc6 38. Rg1+ Kh8 39. Qxe5+ Qf6 40. Qxf6+
Rxf6 41. Kc2 Rh6 42. b4 Rxh4 43. Kb3 Rg4 44. Rf1 1/2-1/2

[Event "7th Sunway Sitges 2020"]
[Site "Sitges ESP"]
[Date "2020.12.16"]
[Round "4.12"]
[White "Narciso Dublan, Marc"]
[Black "Csiki, Endre"]
[Result "1/2-1/2"]
[WhiteTitle "GM"]
[BlackTitle "FM"]
[WhiteElo "2495"]
[BlackElo "2231"]
[WhiteFideId "2201500"]
[BlackFideId "775126"]
[EventDate "2020.12.13"]

1. d4 Nf6 2. Nf3 d5 3. c4 e6 4. Bg5 Nbd7 5. e3 c6 6. Nbd2 Be7 7. Bd3 h6 8. Bh4
O-O 9. O-O b6 10. Qe2 Bb7 11. Rfd1 c5 12. Rac1 Rc8 13. cxd5 Nxd5 14. Bg3 cxd4
15. Rxc8 Qxc8 16. Nxd4 Nc5 17. Bb1 Ba6 18. Qf3 Bb7 19. Qe2 Ba6 20. Qf3 Bb7 21.
Qe2 1/2-1/2